ბათუმის შოთა რუსთაველის სახელმწიფო უნივერსიტეტის ბიბლიოთეკა

სახელმძღვანელო ცნობარი ფერმერთათვის : (ბიბ.ჩანაწერი № 37503)

000 -ლიდერი
ფიქსირებული სიგრძის საკონტროლო ველი 02179nam a2200289Ia 4500
001 - საკონტროლო ნომერი
საკონტროლო ველი 3466
003 - საკონტროლო ნომრის იდენტიფიკატორი
საკონტროლო ველი GE_BSU
005 - ბოლო ოპერაციის თარიღი და დრო
საკონტროლო ველი 20250424121455.0
008 - ფიქსირებული სიგრძის მონაცემთა ელემენტები - ზოგადი ინფორმაცია
ფიქსირებული სიგრძის საკონტროლო ველი 181216s2008||||ge |||||||||||||| ||geo||
040 ## - კატალოგიზაციის წყარო
Transcribing agency GE_BSU
041 ## - ენის კოდი
Language code of text/sound track or separate title geo
080 ## - უნივერსალური ათობითი კლასიფიკაციის ინდექსი
Universal Decimal Classification number 633/635(035) ს–36
245 ## - ცნობა სათაურის შესახებ
Title სახელმძღვანელო ცნობარი ფერმერთათვის :
Remainder of title მიზნობრივი პროგრამა ,,რეგიონის ფერმერთა სწავლება –კონსულტირება და მათი უზრუნველყოფა სახელმძღ. საცნობარო ლიტერატურით" . სახლმძღვანელო შედგენილია შოთა რუსთაველის სახ. უნ–ტის სას– სამ. ფაკ–ის და ბიზნესის უმაღლესი სკოლის მიერ
Statement of responsibility, etc ავტორები : ი. ძირკვაძე, რ. ბერიძე, ს. ბრიძე, ლ. ებრალიძე, შ. ლომინაძე, ზ. მახარაძე; აჭარის ავტ. რესპ. სოფლის მეურნეობის სამინისტრო.
264 ## - წარმოების, გამოცემის, დისტრიბუციის და სხვა ცნობები
გამოცემის, წარმოების, დისტრიბუციის... ადგილი ბათუმი,
გამოცემის, წარმოების, დისტრიბუციის... თარიღი 2008.
300 ## - ფიზიკური აღწერა
Extent 80 გვ. ;
Other physical details 20 სმ.
504 ## - BIBLIOGRAPHY, ETC. NOTE
Bibliography, etc ბიბლიოგრ. გვ. 79-80
653 ## - INDEX TERM--UNCONTROLLED
Uncontrolled term ცნობარი ფერმერთათვის
653 ## - INDEX TERM--UNCONTROLLED
Uncontrolled term სოფლის მეურნეობა
700 ## - ADDED ENTRY--PERSONAL NAME
Personal name ძირკვაძე, ი.
Relator term ავტორი
9 (RLIN) 1806
700 ## - ADDED ENTRY--PERSONAL NAME
Personal name ბერიძე, ს.
Relator term ავტორი
9 (RLIN) 4963
700 ## - ADDED ENTRY--PERSONAL NAME
Personal name ბერიძე, რ.
Relator term ავტორი
9 (RLIN) 1808
700 ## - ADDED ENTRY--PERSONAL NAME
Personal name ებრალიძე, ლ.
Relator term ავტორი
9 (RLIN) 1797
700 ## - ADDED ENTRY--PERSONAL NAME
Personal name ლომინაძე, შ.
Relator term ავტორი
9 (RLIN) 22
700 ## - ADDED ENTRY--PERSONAL NAME
Personal name მახარაძე, ზ.
Relator term ავტორი
9 (RLIN) 24934
710 ## - ADDED ENTRY--CORPORATE NAME
Corporate name or jurisdiction name as entry element აჭარის ავტ. რესპ. სოფლის მეურნეობის სამინისტრო.
9 (RLIN) 24935
942 ## - ADDED ENTRY ELEMENTS (KOHA)
Koha item type წიგნი
Source of classification or shelving scheme
ეგზემპლარები
ჩამოწერის სტატუსი დაკარგული ეგზემპლარის სტატუსი კლასიფიკაციის წყარო ან თაროზე გაწყობის სქემა დაზიანების სტატუსი არ გაიცემა მუდმივი მდებარეობა (დაცვის ადგილი) ამჟამინდელი ადგილსამყოფელი თაროზე განთავსების ადგილი შეძენის თარიღი სრული შენახვის შიფრი შტრიხკოდი ბოლო ოპერაციის თარიღი ეგზემპლარის მიმდევრობითი ნომერი (კეტერი?) ფასის ძალაში შესვლის თარიღი ეგზემპლარის სახეობა საჯარო შენიშვნა ღირებულება, შესყიდვის ნორმალური ფასი Uniform Resource Identifier
          აგრარული და მემბრანული ტექნოლოგიების ინსტიტუტის ბიბლიოთეკა აგრარული და მემბრანული ტექნოლოგიების ინსტიტუტის ბიბლიოთეკა წიგნსაცავი 2025-04-24 633/635(035) ს–36 71214 2025-04-24 71214 2025-04-24 წიგნი 4 ლ. 4.00 ნაჩუქარი
          აგრარული და მემბრანული ტექნოლოგიების ინსტიტუტის ბიბლიოთეკა აგრარული და მემბრანული ტექნოლოგიების ინსტიტუტის ბიბლიოთეკა წიგნსაცავი 2025-04-24 633/635(035) ს–36 71213 2025-04-24 71213 2025-04-24 წიგნი 4 ლ. 4.00 ნაჩუქარი
          ბათუმის შოთა რუსთაველის სახელმწიფო უნივერსიტეტის მთავარი ბიბლიოთეკა ბათუმის შოთა რუსთაველის სახელმწიფო უნივერსიტეტის მთავარი ბიბლიოთეკა წიგნსაცავი 2018-12-17 633/635(035) ს–36 5082 2018-12-17 5082 2018-12-17 წიგნი      
          ბათუმის შოთა რუსთაველის სახელმწიფო უნივერსიტეტის მთავარი ბიბლიოთეკა ბათუმის შოთა რუსთაველის სახელმწიფო უნივერსიტეტის მთავარი ბიბლიოთეკა წიგნსაცავი 2018-12-17 633/635(035) ს–36 5083 2018-12-17 5083 2018-12-17 წიგნი    
          ბათუმის შოთა რუსთაველის სახელმწიფო უნივერსიტეტის მთავარი ბიბლიოთეკა ბათუმის შოთა რუსთაველის სახელმწიფო უნივერსიტეტის მთავარი ბიბლიოთეკა წიგნსაცავი 2018-12-17 633/635(035) ს–36 5084 2018-12-17 5084 2018-12-17 წიგნი